Statistics for British Spellings Quiz

Click here to take the quiz!

General Stats

  • This quiz has been taken 63,856 times
    (63,833 since last reset)
  • The average score is 19 of 30

Answer Stats

US Spelling British Spelling % Correct
GrayGrey
96%
ColorColour
93%
CenterCentre
88%
AnalyzeAnalyse
87%
RealizeRealise
86%
AirplaneAeroplane
85%
MeterMetre
82%
LikableLikeable
82%
MoldMould
81%
DefenseDefence
81%
AgingAgeing
81%
AluminumAluminium
79%
ChiliChilli
79%
MustacheMoustache
77%
TireTyre
76%
CheckCheque
75%
CatalogCatalogue
74%
TravelerTraveller
72%
PlowPlough
66%
PajamasPyjamas
57%
StoryStorey
50%
RacketRacquet
48%
KilogramKilogramme
47%
PediatricPaediatric
37%
EstrogenOestrogen
35%
CurbKerb
35%
TidbitTitbit
33%
EonAeon
31%
BehooveBehove
21%
ManeuverManoeuvre
19%

Score Distribution

Percentile by Number Answered

Percent of People with Each Score

Your Score History

You have not taken this quiz since the last reset